QCM : Trouvez l'orthographe correcte (langue française 1) - Statistiques

Statistiques générales
  • Ce quiz a été pris 676 fois
  • Le résultat moyen est 7 sur 10
Statistiques - réponses
Question Réponse % Correct
Sélectionnez l'orthographe correcte : Une longue-vue
97%
Sélectionnez l'orthographe correcte : Chimpanzé
90%
Sélectionnez l'orthographe correcte : Méditerranée
76%
Sélectionnez l'orthographe correcte : Onomatopée
72%
Sélectionnez l'orthographe correcte : Trottinette
67%
Sélectionnez l'orthographe correcte : Ornithorynque
61%
Sélectionnez le mot bien orthographié : Coccyx
53%
Sélectionnez l'orthographe correcte : Un porte-bagages
53%
Sélectionnez l'orthographe correcte : Des porte-bagages
43%
Sélectionnez l'orthographe correcte : Des longues-vues
42%
Aucun quiz correspondant
Distribution des résultats
% des personnes avec chaque résultat
Percentile par nombre de réponses
Votre historique - résultats
Vous n’avez pas pris ce quiz